| 000 | 00857nam a22002415i 4500 | ||
|---|---|---|---|
| 001 | 180931 | ||
| 003 | ES-MaACL | ||
| 005 | 20230906221224.0 | ||
| 007 | t| | ||
| 008 | 120829s1992 sp ||||0| spa d | ||
| 080 | _a59(0:82) | ||
| 080 | _a82-96.09 | ||
| 080 | _a910.4(7/8)"14" | ||
| 100 | 0 |
_aGómez-Tabanera, José Manuel, _d1926-2011 _958165 |
|
| 245 | 1 | 0 |
_aSobre el bestiario fantástico del medioevo europeo y su gravitación al nuevo mundo avistado por Colón (1492) / _cJosé Manuel Gómez-Tabanera. |
| 260 |
_a[S.l : _bs.n], _c1992. |
||
| 300 |
_aP. [461]-495 : _bil ; _c24 cm. |
||
| 595 | _aSeparata de: Congreso de Historia del Descubrimiento, Tomo I, 1992. | ||
| 650 | 1 | 4 |
_aBestiarios- _xInfluencia. _910513 |
| 651 | 4 |
_aAmérica- _xDescubrimientos y exploraciones- _yS.XV. _97696 |
|
| 852 |
_aES-MaACL _j2318-F-14 |
||
| 999 |
_c180931 _d180931 |
||